000 00280nam a22001217a 4500
008 180420b xxu||||| |||| 00| 0 eng d
041 _aeng
080 _a043.3
100 _a0
101 _aSHKI-MA
245 _aRoli i Testimit te Softwerit ne SDLC
_cSinani, L
942 _2udc
_cBK
999 _c45342
_d45342